| 000 | 00635nam a2200217Ia 4500 | ||
|---|---|---|---|
| 003 | LK-CoDNM | ||
| 005 | 20240927100020.0 | ||
| 008 | 010623t xxu||||| |||| 00| 1 eng d | ||
| 040 |
_aLK-CoDNM _dLK-CoDNM _eLK-CoDNM |
||
| 041 | _aeng | ||
| 080 |
_a24 _bG46 |
||
| 245 | _aThe Ceylon Roll of Honour and Record of Service in the Great War 1914-1918 | ||
| 250 | _aFIRST EDITION | ||
| 260 |
_bTimes of Ceylon _aColombo _c1914-1918 |
||
| 300 | _b138p. : 22 cm | ||
| 650 | _aThe Ceylon Roll of Honour and Record of Service in the Great War 1914-1918 | ||
| 650 | _aDICTIONARY | ||
| 650 | _a24 G46 | ||
| 650 | _aENGLISH | ||
| 942 | _cBK | ||
| 999 |
_c136026 _d136026 |
||